000 00603nam a22001937a 4500
008 170125b xxu||||| |||| 00| 0 eng d
020 _a9710858025
082 _21994
_aDFil 332.109599
_bF17
100 _918594
_aFajardo, Feliciano R.
245 _aFinancial institutions/
_cFeliciano R. Fajardo
250 _aThird edition
260 _aMandaluyong City:
_bNational Book Store,
_cc1994.
300 _av, 376 pages;
_c22 cm.
650 0 _918595
_aFinancial institutions.
700 _918596
_aManansala, Manuel M.
700 _918597
_aAltarez, Emilio C.
365 _b190.00
_cPhp.
942 _2ddc
_cDFIL
999 _c6157
_d6157